000
00296nam a22001337a 4500
008
170208b xxu||||| |||| 00| 0 eng d
020
_a
0323001483
041
_a
eng
080
_a
61
100
_a
3
101
_a
SHM
245
_a
PRIMARY CARE ACROSS THE LIFESPAN
_c
ROBINSON, D
942
_2
udc
_c
BK
999
_c
4858
_d
4858